000 00339pam a2200157a 44500
008 230515b1914 xxu||||| |||| 00| 0 eng d
020 _aNULL
041 _aMARATHI
082 _a1
100 _aBHAPAT
245 _aSHRITARKSANGRH SAR
250 _a1
260 _aSANGAI
_bN.D.
_c1914
300 _a100
650 _aSHRITARKSANGRH SAR
999 _c497018
_d497018